Normal view MARC view
  • Urdu literature- Rubiyat

Entry Topical Term

Number of records used in: 4

001 - CONTROL NUMBER

  • control field: 2334

003 - CONTROL NUMBER IDENTIFIER

  • control field: NUST

005 - DATE AND TIME OF LATEST TRANSACTION

  • control field: 20170609084843.0

008 - FIXED-LENGTH DATA ELEMENTS

  • fixed length control field: 170609|| aca||aabn | a|a d

040 ## - CATALOGING SOURCE

  • Original cataloging agency: NUST
  • Transcribing agency: NUST

150 ## - HEADING--TOPICAL TERM

  • Topical term or geographic name entry element: Urdu literature- Rubiyat

670 ## - SOURCE DATA FOUND

  • Source citation: Work cat.: (NUST)0: Josh Malīḥābādī, 1898-1982. 2124, Junūn o ḥikmat :, 2010
© 2023 Central Library, National University of Sciences and Technology. All Rights Reserved.